Etica sessuale : esempi di conflitti etici e sessuali presi dalla vita : con un'appendice /

Gespeichert in:
Bibliographische Detailangaben
1. Verfasser: Forel, Auguste (Verfasst von)
Weitere Verfasser: Hochegger, Anton
Format: Buch
Sprache:Italienisch
Veröffentlicht: Torino : Fratelli Bocca, 1909
Schriftenreihe:Piccola biblioteca di scienze moderne ; 160
Schlagworte:
Tags: Tag hinzufügen
Keine Tags, Fügen Sie das erste Tag hinzu!

MARC

LEADER 00000nam a22000007i 4500
001 IT\ICCU\MIL\0362642
003 ItRI
005 20250715114849.0
008 980309s1909 it |||||| ||||| |||||c
015 |2 IT  |a 1908 5283 
024 7 0 |a 241605  |2 cubi 
040 |b ita  |c ct 
041 7 |a ita  |2 ISO-639-2 
100 1 |a Forel, Auguste  |0 IT\ICCU\LO1V\088066  |4 aut 
245 1 0 |a Etica sessuale :  |b esempi di conflitti etici e sessuali presi dalla vita : con un'appendice /  |c Augusto Forel ; versione dal tedesco di Antonio Hochegger. 
260 |a Torino :  |b Fratelli Bocca,  |c 1909 
300 |a 78 p. ;  |c 19 cm. 
650 7 |a Sesso 
650 7 |a Morale sessuale 
700 1 |a Hochegger, Anton  |0 IT\ICCU\PUVV\192198 
830 0 |a Piccola biblioteca di scienze moderne ;  |v 160  |0 IT\ICCU\RAV\0015177 
942 |2 ddc  |c BK 
952 |0 0  |1 0  |2 ddc  |4 0  |6 B_SFE03FORAUETI11  |7 1  |9 4837  |a MI  |b MI  |d 1987-07-12  |i 306  |l 0  |o B-SFE03-FORAU-ETI11  |p CDOM306  |r 2025-07-07 11:14:17  |w 2025-07-07  |x DONO  |y BK 
981 1 |6 z01  |a i   |b xxxe  
982 1 |6 z01  |a n 
999 |c 6730  |d 6730